| 000 -CABECERA |
| fixed length control field |
02296nam a22003377a 4500 |
| 003 - IDENTIFICADOR DEL NÚMERO DE CONTROL |
| control field |
AR-CdUCM |
| 008 - DATOS DE LONGITUD FIJA--INFORMACIÓN GENERAL |
| fixed length control field |
190425b ||||| |||| 00| 0 spa d |
| 040 ## - FUENTE DE LA CATALOGACIÓN |
| Agencia/entidad que catalogó originalmente la obra |
MUNICIPALIDAD PROVINCIAL DEL CUSCO |
| Entidad que transcribió la catalogación |
BIBLIOTECA MUNICIPAL DEL CUSCO |
| 082 ## - NÚMERO DE LA CLASIFICACIÓN DECIMAL DEWEY |
| No. de Clasificación |
Rev.AILLU/N°1-2/1945 |
| 245 ## - MENCIÓN DE TÍTULO |
| Título |
Revista El Aillu : |
| Resto del título |
Revista Peruana de Antropología, Etnología Folklore Lingüística e Historia / |
| 260 ## - PUBLICACIÓN, DISTRIBUCIÓN, ETC. |
| Lugar de publicación, distribución, etc. |
Cusco : |
| Nombre de la editorial, distribuidor, etc. |
La Económica, |
| Fecha de publicación, distribución, etc. |
1945. |
| 300 ## - DESCRIPCIÓN FÍSICA |
| Nº de Páginas Extensión |
216 páginas. : |
| Otros detalles físicos |
ilustraciones ; |
| Dimensiones |
24 cm. |
| 440 ## - MENCIÓN DE SERIE/PUNTO DE ACCESO ADICIONAL--TÍTULO |
| Título |
El Aillu Revista de Antropología Etnología Folklore Lingüística e Historia. |
| Número de la parte/sección de una obra |
Año I, N°1.-2, 1945. |
| 9 (RLIN) |
46747 |
| 505 ## - NOTA DE CONTENIDO CON FORMATO |
| Nota de contenido formateada |
Contenido: Escarbe de papas en la región andina de Puno. -- Cartilla de la ciencia del folklore. -- La etimología del nombre Cusco. -- Los cantos religiosos antiguos. Miguel Ángel Delgado Vivanco. -- El indio Pako. Alejandro Perales. -- Sueño y aurora. Gonzales Prada. -- Semana del Inti Raymi del Cusco. -- Noticias de la amada. -- Desde el camino. -- La ausencia. -- Los yaravíes. -- Mensaje de los poetas del mundo. -- San Francisco de Asís y su obra. -- Los ayllus pre-incas- -- Hombre de Cotabambas. Erasmo Delgado Vivanco. -- Mi credo referente al origen del hombre americano y el libro de Paul Rivet. -- Barbarismos de uso frecuente. Max J. Galdo G. -- El maíz es peruano. -- Interviú de el aillu. Fernando Cámara. -- Gabriela Mistral la gran poetisa diplomática araucana. -- El inventor cusqueño. Luis A. Villafuerte Rozas. -- Historia revista peruana de cultura. Jorge Basadre. -- Origen y desarrollo de las civilizaciones prehistóricas andinas. Julio C. Tello.-- Bosquejo de una introducción al folklore. |
| 650 ## - PUNTO DE ACCESO ADICIONAL DE MATERIA--TÉRMINO DE MATERIA |
| Descriptor |
Antropología |
| 9 (RLIN) |
878 |
| 650 ## - PUNTO DE ACCESO ADICIONAL DE MATERIA--TÉRMINO DE MATERIA |
| Descriptor |
Etnología |
| 9 (RLIN) |
1915 |
| 650 ## - PUNTO DE ACCESO ADICIONAL DE MATERIA--TÉRMINO DE MATERIA |
| Descriptor |
Folklore |
| 9 (RLIN) |
46748 |
| 650 ## - PUNTO DE ACCESO ADICIONAL DE MATERIA--TÉRMINO DE MATERIA |
| Descriptor |
Lingüística |
| 9 (RLIN) |
1640 |
| 650 ## - PUNTO DE ACCESO ADICIONAL DE MATERIA--TÉRMINO DE MATERIA |
| Descriptor |
Historia |
| 9 (RLIN) |
46749 |
| 700 ## - PUNTO DE ACCESO ADICIONAL--NOMBRE DE PERSONA |
| Nombre Personal |
Delgado Vivanco, Miguel Ángel |
| 9 (RLIN) |
46750 |
| 700 ## - PUNTO DE ACCESO ADICIONAL--NOMBRE DE PERSONA |
| Nombre Personal |
Perales, Alejandro |
| 9 (RLIN) |
46751 |
| 700 ## - PUNTO DE ACCESO ADICIONAL--NOMBRE DE PERSONA |
| Nombre Personal |
Delgado Vivanco, Erasmo |
| 9 (RLIN) |
46752 |
| 700 ## - PUNTO DE ACCESO ADICIONAL--NOMBRE DE PERSONA |
| Nombre Personal |
Villafuerte Rozas, Luis A |
| 9 (RLIN) |
46753 |
| 700 ## - PUNTO DE ACCESO ADICIONAL--NOMBRE DE PERSONA |
| Nombre Personal |
Basadre, Jorge |
| 9 (RLIN) |
198 |
| 700 ## - PUNTO DE ACCESO ADICIONAL--NOMBRE DE PERSONA |
| Nombre Personal |
Mistral, Gabriela |
| 9 (RLIN) |
13947 |
| 700 ## - PUNTO DE ACCESO ADICIONAL--NOMBRE DE PERSONA |
| Nombre Personal |
Gonzáles Prada, Alfredo |
| 9 (RLIN) |
38150 |
| 700 ## - PUNTO DE ACCESO ADICIONAL--NOMBRE DE PERSONA |
| Nombre Personal |
Gonzáles Prada, Manuel |
| 9 (RLIN) |
2388 |
| 942 ## - ELEMENTOS DE PUNTO DE ACCESO ADICIONAL (KOHA) |
| Fuente de clasificación |
|
| Tipo de item |
Revistas cusqueñas |
| 945 ## - PROCESAMIENTO DE INFORMACIÓN LOCAL (OCLC) |
| Catalogador |
rac |